|
|
|
|
| LEADER |
00000nab a2200000ua 4500 |
| 001 |
vtls010764649 |
| 003 |
SK-MaSNL |
| 005 |
20260304203058.0 |
| 008 |
250718s1960 xo |||||||||||||||||slo| |
| 035 |
|
|
|a (urnnbn)urn:nbn:sk:snk:ar-a03dum
|
| 035 |
|
|
|a (uuid)5a4a3d14-8cbc-43d5-8786-a5a06f520ea6
|
| 035 |
|
|
|a urn:nbn:sk:snk-ab58fv
|
| 040 |
|
|
|a SNKBUCL
|b slo
|c SNKBUCL
|e AACR2
|
| 041 |
0 |
|
|a slo
|
| 044 |
|
|
|a xo
|c SK
|
| 100 |
1 |
|
|a Brozman, M.
|4 aut
|9 917135
|
| 245 |
1 |
0 |
|a PEARSE G. G., HISTOCHEMISTRY THEORETICAL AND APPLIED (Histochémia teoretická a aplikovaná)
|c M. Brozman
|
| 773 |
0 |
|
|t Bratislavské lekárske listy
|g Roč. 40, č. 3 (1960), s. 183
|
| 850 |
|
|
|a Slovenská národná knižnica
|
| 852 |
|
|
|a Slovenská národná knižnica
|
| 954 |
|
|
|a odborná, vedecká literatúra pôvodná (slovenská)
|2 lita
|
| 958 |
|
|
|a article3
|
| 958 |
|
|
|a OND
|
| 958 |
|
|
|a EUIPO
|
| 999 |
|
|
|c 3107466
|d 3109396
|